Central Library OPAC University of Rajshahi

A history of London life / (Record no. 24617)

MARC details
000 -LEADER
fixed length control field 00745nam a2200241 a 4500
001 - CONTROL NUMBER
control field 24617
003 - CONTROL NUMBER IDENTIFIER
rucl marc code BD-RJUL
005 - DATE AND TIME OF LATEST TRANSACTION
control field 20211209001056.0
008 - FIXED-LENGTH DATA ELEMENTS--GENERAL INFORMATION
fixed length control field 140315t19631958mdu 001 0 eng d
035 ## - SYSTEM CONTROL NUMBER
System control number (BD-RJUL)24686
040 ## - CATALOGING SOURCE
Original cataloging agency HIR
Modifying agency DGW
Language of cataloging eng
Transcribing agency BD-RjUL
041 ## - LANGUAGE CODE
Language code of text/sound track or separate title eng
082 ## - DEWEY DECIMAL CLASSIFICATION NUMBER
Classification number 942
Author mark and year MIH 1963
090 ## - LOCALLY ASSIGNED LC-TYPE CALL NUMBER (OCLC); LOCAL CALL NUMBER (OCLC)
Classification number (OCLC) (R) ; Classification number, CALL (RLIN) (NR) DA688
Local cutter number (OCLC) ; Book number/undivided call number, CALL (RLIN) .M5
100 1# - MAIN ENTRY--PERSONAL NAME
Personal name Mitchell, R. J.
Fuller form of name (Rosamond Joscelyne),
Dates associated with a name 1902-
9 (RLIN) 75759
245 12 - TITLE STATEMENT
Title A history of London life /
Statement of responsibility, etc. by R.J. Mitchell and M.D.R. Leys
260 ## - PUBLICATION, DISTRIBUTION, ETC. (IMPRINT)
Place of publication, distribution, etc. Harmondsworth :
Name of publisher, distributor, etc. Penguin,
Date of publication, distribution, etc. 1963, c1958
300 ## - PHYSICAL DESCRIPTION
Pagination 348 p. :
Illustrations illus. ;
Size 19 cm
504 ## - BIBLIOGRAPHY, ETC. NOTE
Bibliography, etc Includes index
651 #0 - SUBJECT ADDED ENTRY--GEOGRAPHIC NAME
Geographic name London (England)
General subdivision Social life and customs
9 (RLIN) 75760
700 1# - ADDED ENTRY--PERSONAL NAME
Personal name Leys, M. D. R.
Fuller form of name (Mary Dorothy Rose).
942 ## - ADDED ENTRY ELEMENTS (KOHA)
Source of classification or shelving scheme Dewey Decimal Classification
Koha item type Books
Holdings
Lost status Source of classification or shelving scheme Damaged status Not for loan Collection code Permanent Location Current Location Shelving location Date acquired Source of acquisition Cost, normal purchase price Total Checkouts Full call number Date last seen Copy number Koha item type
  Dewey Decimal Classification   Added to bundle Non-fiction Central Library, University of Rajshahi Central Library, University of Rajshahi Reading Room 21/10/1990 shaukat osman 0.00   942 MIH 1963 15/03/2014 C-1 Books